Normal view
MARC view
- QUALITY CONTROL AND IMPROVEMENT
Entry Topical Term
001 - CONTROL NUMBER
- control field: 59133
003 - CONTROL NUMBER IDENTIFIER
- control field: NUST
005 - DATE AND TIME OF LATEST TRANSACTION
- control field: 20210628202300.0
008 - FIXED-LENGTH DATA ELEMENTS
- fixed length control field: 210628|| aca||aabn | a|a d
040 ## - CATALOGING SOURCE
- Original cataloging agency: NUST
- Transcribing agency: NUST
150 ## - HEADING--TOPICAL TERM
- Topical term or geographic name entry element: QUALITY CONTROL AND IMPROVEMENT
670 ## - SOURCE DATA FOUND
- Source citation: Work cat.: (NUST): MITRA , AMITAVA 35875, FUNDAMENTALS OF QUALITY CONTROL AND IMPROVEMENT, 2000
